000 00844nam a2200301 a 4500
003 AR-BaBNM
005 20251128203237.0
008 082120s2002 ||||||||||||||000 | spa||
020 _a950-582-042-8
040 _cAR-BaBNM
100 1 _aLorenzini, Esther
245 0 0 _aCon palabras
_bprácticas de comunicación para la escuela media
_n3
260 _aBuenos Aires
_bClub de Estudio
_c1991
300 _a95 p.
_bdiagr., tablas
500 _aContiene referencias bibliográficas
650 4 _aCOMUNICACION VERBAL
650 4 _aCUENTOS
650 4 _aTALLERES [METODO PEDAGOGICO]
650 4 _aENCUESTAS
650 4 _aTEATRO
650 4 _aDRAMATIZACION
650 4 _aGRAMATICA
653 _aENSENANZA DE LA LENGUA
653 _aEDUCACION SECUNDARIA
700 1 _aFortunato de Cóccola, Lucía
942 _cBK
998 _csilvi
999 _c2554
_d2554